Hrdina naší doby /

Main Author: Lermontov, Michail Jur‘jevič, 1814-1841
Other Authors: Stehlík, Čestmír, 1886-1928
Language: Czech
Published: V Praze : J. Otto, [1911]
Series: Světová knihovna (J. Otto)
Physical Description: 259 s. ; 15 cm
Book
Saved in:
LEADER 01440nam a22003857i 4500
001 001918686
003 CZ BrMZK
005 20241206111151.0
007 ta
008 241206s1911 xr er|||||||||||cze d
015 |a cnb000597672 
020 |q (Váz.) 
035 |a (OCoLC)85478698 
040 |a ABA001  |b cze  |c LIA001  |d ABA001  |d KVG001  |d ABD005  |d BOA001  |e rda 
041 1 |a cze  |h rus 
072 7 |a 821.161.1  |x Ruská literatura, rusky psaná  |2 Konspekt  |9 25 
080 |a 821.161.1-31  |2 MRF 
080 |a (0:82-31)  |2 MRF 
100 1 |a Lermontov, Michail Jur‘jevič,  |d 1814-1841  |7 jn19990210374  |4 aut 
245 1 0 |a Hrdina naší doby /  |c Michail Jurěvič Lermontov ; převedl, úvodem a poznámkami opatřil Čestmír Stehlík 
264 1 |a V Praze :  |b J. Otto,  |c [1911] 
300 |a 259 s. ;  |c 15 cm 
336 |a text  |b txt  |2 rdacontent 
337 |a bez média  |b n  |2 rdamedia 
338 |a svazek  |b nc  |2 rdacarrier 
490 1 |a Světová knihovna ;  |v č. 872-874 
655 7 |a ruské romány  |7 fd133320  |2 czenas 
700 1 |a Stehlík, Čestmír,  |d 1886-1928  |7 jk01120997  |4 trl  |4 wfw 
830 0 |a Světová knihovna (J. Otto)  |0 s 
910 |a BOA001  |b 1-0074.455,872-874 
990 |a BK 
993 |a Y 
991 |b 202412 
996 6 |b 2618769440  |c 1-0074.455,872-874  |l MZK  |r Sklad / do 1 hodiny  |n 0  |w 001988060  |u 000020  |a 1  |e BOA001  |j MZK50  |s P 
996 6 |b 2618769441  |c 1-0074.455,872-874  |l MZK  |r Sklad / do 1 hodiny  |n 0  |w 001988060  |u 000010  |a 1  |e BOA001  |j MZK50  |s P